000 00362 a2200109 4500
001 ART_48515
005 20260410161757.0
008 260409a
245 1 0 _aGanancias. La imposición a la renta societaria y a los dividendos en la ley 27430
100 1 _aGarcía, Fernando D.
773 0 _tDoctrina tributaria
_g- N°468 (mar. 2019)
_wREV4296
999 _c20217
_d20217